=LDR 00000nam 2200000 4500 =001 INLIS000000000005097 =005 20130612093343 =008 ***********************************Ind** =035 ##$$0010-061300000005097 =041 ##$$a Ind =082 ##$$a 635 =090 ##$$a 635, Set s =100 ##$$a SETIAWAN, Ade Iwan =245 ##$$a Sayuran dataran tinggi, Budidaya dan pengaturan panen, Ade Iwan Setiawan =260 ##$$a 1993 $b Jakarta =300 ##$$a vii, 159 hlm, ilus, 21 cm =650 ##$$a Tanaman Sayur - Sayuran =850 ##$$a NBPNMAT